| 000 | 01182nam a2200325 a 4500 | ||
|---|---|---|---|
| 001 | 000110908 | ||
| 003 | CHAP | ||
| 005 | 20220329144150.0 | ||
| 008 | 141021s2014 mx sm |||||||spa d | ||
| 010 | _a107370 | ||
| 011 | _a108342 | ||
| 040 | _cCHAP | ||
| 090 | _aTesis | ||
| 100 | 1 |
_aTorre López, Gustavo de la _9128661 |
|
| 245 | 1 | 0 |
_aRendimiento de maíz forrajero (Zea mays L.) y valor nutritivo de ensilados en el rancho el Carmen _h[En línea] _cpor Gustavo de la Torre Lopez. |
| 260 |
_aBermejillo, Dgo. : _bEl autor, _c2014. |
||
| 500 | _aPara ver el contenido del material haga clic en la liga | ||
| 502 | _aTesis (Ing. Agr. Esp. en Sistemas Pecuarios) -- UACH. Unidad Regional Universitaria de Zonas Áridas | ||
| 590 |
_aE11695DGD _b10 _c20141024 _lUCH01 _h0815 |
||
| 590 |
_aE5765TAJ _b05 _c20141021 _lUCH01 _h0918 |
||
| 590 |
_aE5765TAJ _b05 _c20141021 _lUCH01 _h0919 |
||
| 650 | 1 | 4 |
_aEnsilaje. _937102 |
| 650 | 1 | 4 |
_aMaíz como forraje. _971109 |
| 650 | 1 | 4 |
_aMaíz _xHíbridos. _970974 |
| 650 | 1 | 4 |
_aMaíz _xValor nutritivo. _971080 |
| 856 |
_aFinding aid _uhttp://10.13.5.2/tesis/sist110908.pdf _zTeclea aquí |
||
| 901 | _aBK | ||
| 942 | _cTESIS | ||
| 942 | _n0 | ||
| 999 |
_c107370 _d107370 |
||